Catálogo
 En Linea

XII Feria Internacional del Libro Santo Domingo 2009 : (Registro nro. 40550)

Detalles MARC
000 -CABECERA
campo de control de longitud fija 01349nam a2200289 a 4500
001 - NÚMERO DE CONTROL
campo de control 000041060
003 - IDENTIFICADOR DEL NÚMERO DE CONTROL
campo de control DO-SdBNP
005 - FECHA Y HORA DE LA ÚLTIMA TRANSACCIÓN
campo de control 20210827100928.0
008 - DATOS DE LONGITUD FIJA--INFORMACIÓN GENERAL
campo de control de longitud fija 090701s2009 dr ac r 000 0dspa d
040 ## - FUENTE DE LA CATALOGACIÓN
Centro catalogador/agencia de origen DO-SdBNP
Lengua de catalogación spa
Centro/agencia transcriptor BNPHU
082 ## - NÚMERO DE LA CLASIFICACIÓN DECIMAL DEWEY
Número de clasificación BNPHU PD 021.7
Número de documento/Ítem F356d, 2009
111 2# - ENTRADA PRINCIPAL--NOMBRE DE CONGRESO/REUNIÓN
Nombre de congreso/reunión o jurisdicción como elemento de entrada Feria Internacional del Libro
Número del congreso/reunión o número de parte o sección (12ª :
Fecha del congreso/reunión 2009 : 20 de abril al 3 de mayo
Sede del congreso/Lugar de la reunión Santo Domingo, República Dominicana)
9 (RLIN) 67554
245 10 - MENCIÓN DE TÍTULO
Título XII Feria Internacional del Libro Santo Domingo 2009 :
Resto del título programa.
246 30 - FORMA VARIANTE DE TÍTULO
Título propio/Titulo breve Doceava Feria Internacional del Libro Santo Domingo 2009
260 ## - PUBLICACIÓN, DISTRIBUCIÓN, ETC.
Lugar de publicación, distribución, etc. Santo Domingo :
Nombre del editor, distribuidor, etc. Dirección General de la Feria del Libro,
Fecha de publicación, distribución, etc. 2009.
300 ## - DESCRIPCIÓN FÍSICA
Extensión 239 p. :
Otras características físicas il., retrs. ;
Dimensiones 24 cm.
500 ## - NOTA GENERAL
Nota general País invitado de honor: Brasil, dedicada a Juan Bosch.
500 ## - NOTA GENERAL
Nota general A la cabeza de la portada: Leer te eleva.
500 ## - NOTA GENERAL
Nota general En homenaje a Juan Bosch, en el primer centenario de su nacimiento
590 ## - NOTA LOCAL (RLIN)
Nota local Inventariado,2018/DG
611 24 - PUNTO DE ACCESO ADICIONAL DE MATERIA--NOMBRE DE REUNIÓN/CONGRESO
Nombre de congreso/reunión o jurisdicción como elemento de entrada Feria Internacional del Libro
Número del congreso/reunión o número de parte o sección (12ª :
Fecha del congreso/reunión 2009 :
Sede del congreso/Lugar de la reunión Santo Domingo, República Dominicana)
Subdivisión general Programas
9 (RLIN) 67555
650 14 - PUNTO DE ACCESO ADICIONAL DE MATERIA--TÉRMINO DE MATERIA
Término de materia o nombre geográfico como elemento de entrada Industria del libro
Subdivisión geográfica República Dominicana
Subdivisión general Programas
9 (RLIN) 55292
650 14 - PUNTO DE ACCESO ADICIONAL DE MATERIA--TÉRMINO DE MATERIA
Término de materia o nombre geográfico como elemento de entrada Feria del libro
Subdivisión geográfica República Dominicana
Subdivisión cronológica 2009
Subdivisión general Programas
9 (RLIN) 67556
650 14 - PUNTO DE ACCESO ADICIONAL DE MATERIA--TÉRMINO DE MATERIA
Término de materia o nombre geográfico como elemento de entrada Libros
Subdivisión general Exposiciones
Subdivisión geográfica República Dominicana
9 (RLIN) 33375
910 ## - DATOS DE OPCIÓN DEL USUARIO (OCLC)
Datos de opción del usuario Validado. Control de calidad. EMS
942 ## - ELEMENTOS DE PUNTO DE ACCESO ADICIONAL (KOHA)
Fuente del sistema de clasificación o colocación Dewey Decimal Classification
Tipo de ítem Koha Libro
Existencias
Estado de retiro Estado de pérdida Fuente del sistema de clasificación o colocación No para préstamo Código de colección Localización permanente Ubicación/localización actual Ubicación en estantería Fecha de adquisición Número de inventario Total de préstamos Signatura topográfica completa Código de barras Fecha visto por última vez Número de copia Precio válido a partir de Tipo de ítem Koha
    Dewey Decimal Classification Préstamo en sala Dominicana de Servicio Biblioteca Nacional Pedro Henríquez Ureña Dominicana En catalogación 11.02.2019 LF1   BNPHU DS 021.7 F356pr 41060-30 25.06.2020 e. 3 25.06.2020 Libro y Folleto Colección Dominicana de Servicio
    Dewey Decimal Classification Préstamo en sala Dominicana de Servicio Biblioteca Nacional Pedro Henríquez Ureña Dominicana En catalogación 11.02.2019 LF1   BNPHU DS 021.7 F356pr 41060-40 25.06.2020 e. 4 25.06.2020 Libro y Folleto Colección Dominicana de Servicio
    Dewey Decimal Classification Préstamo en sala Dominicana de Servicio Biblioteca Nacional Pedro Henríquez Ureña Dominicana En catalogación 11.02.2019 LF1   BNPHU DS 021.7 F356pr 41060-50 25.06.2020 e. 5 25.06.2020 Libro y Folleto Colección Dominicana de Servicio
    Dewey Decimal Classification Excluido de préstamo Patrimonio Dominicano Biblioteca Nacional Pedro Henríquez Ureña Patrimonio Dominicano Depósito 16.09.2013 LF1   BNPHU PD 021.7 F356d 41060-10 25.06.2020   25.06.2020 Libro y Folleto Colección Patrimonio Dominicano
    Dewey Decimal Classification Excluido de préstamo Patrimonio Dominicano Biblioteca Nacional Pedro Henríquez Ureña Patrimonio Dominicano Depósito 06.08.2015 LF1   BNPHU PD 021.7 F356d 41060-20 25.06.2020 e.2 25.06.2020 Libro y Folleto Colección Patrimonio Dominicano

Con tecnología Koha